Sports Quiz

Random Sports or World Cup Quiz

Every Goalscorer against Southgate's England Quiz Stats

 Plays Quiz not verified by Sporcle

Score 0/30 Timer 05:00
0 Plays Today
% Correct
Isco
94.1%
Iago Aspas
91.2%
Eden Hazard
91.2%
Paco Alcácer
91.2%
Sergio Ramos
91.2%
Thomas Meunier
89.7%
Saúl Ñíguez
89.7%
Rodrigo
89.7%
Matthijs de Ligt
89.7%
Lukas Podolski
88.2%
Lorenzo Insigne
88.2%
Ivan Perišić
88.2%
Mario Mandžukić
88.2%
Samuel Umtiti
86.8%
Ousmane Dembélé
86.8%
% Correct
Adnan Januzaj
86.8%
Djibril Sidibé
85.3%
Quincy Promes
85.3%
Leigh Griffiths
83.8%
Alex Iwobi
83.8%
Yerry Mina
80.9%
Andrej Kramarić
77.9%
Valon Berisha
75%
Vedat Muriqi
75%
Ferjani Sassi
73.5%
Felipe Baloy
72.1%
Marko Vešović
72.1%
Stanislav Lobotka
70.6%
Jakub Brabec
53.3%
Zdeněk Ondrášek
40%

You're not logged in!

Compare scores with friends on all Sporcle quizzes.
OR
Log In

Sporcle TV

Today on Sporcle TV


Watch our educational content, quiz creation guides, and fun videos on Sporcle TV.

Show Comments

Extras

Top Quizzes Today


Score Distribution

Your Account Isn't Verified!

In order to create a playlist on Sporcle, you need to verify the email address you used during registration. Go to your Sporcle Settings to finish the process.

Report this User

Report this user for behavior that violates our Community Guidelines.

Details: